000
00337nam a22001457a 4500
005
20160618110447.0
008
160618b xxu||||| |||| 00| 0 eng d
041
_a
eng
082
_b
8091
245
_a
The Employee state instunce act-1948
260
_b
Commercial Law
_c
2010
300
_a
182
650
_a
Management
_9
241
942
_c
BK
999
_c
3057
_d
3056